000 00299nam a22001217a 4500
040 _cSK
082 _a307
100 _aសំ ម៉ាយ៉ានី
245 _aAgriculture comparee; កសិកម្មប្រៀបធៀប
260 _aRUA
_bសំ
_c1995
300 _a118p.
942 _cKB
999 _c9461
_d9461